The handbook of financial instruments
The Handbook of Corporate Debt Instrument provides a practical overview of the wide range of corporate debt products available for enhancing returns over government securities. Contributions from dozens of highly respected analysts and portfolio managers give financial professionals and individual i...
Wedi'i Gadw mewn:
| Fformat: | Llyfr |
|---|---|
| Iaith: | Undetermined |
| Cyhoeddwyd: |
New Hope, Pennsylvania
Frank J. Fabozzi Associates
1998
|
| Pynciau: | |
| Tagiau: |
Ychwanegu Tag
Dim Tagiau, Byddwch y cyntaf i dagio'r cofnod hwn!
|
| Thư viện lưu trữ: | Trung tâm Học liệu Trường Đại học Cần Thơ |
|---|
| LEADER | 00945nam a2200193Ia 4500 | ||
|---|---|---|---|
| 001 | CTU_157449 | ||
| 008 | 210402s9999 xx 000 0 und d | ||
| 020 | |c 190 | ||
| 082 | |a 332.632 | ||
| 082 | |b H236 | ||
| 245 | 4 | |a The handbook of financial instruments | |
| 245 | 0 | |c Edited by Frank J. Fabozzi | |
| 260 | |a New Hope, Pennsylvania | ||
| 260 | |b Frank J. Fabozzi Associates | ||
| 260 | |c 1998 | ||
| 520 | |a The Handbook of Corporate Debt Instrument provides a practical overview of the wide range of corporate debt products available for enhancing returns over government securities. Contributions from dozens of highly respected analysts and portfolio managers give financial professionals and individual investors alike an incredible opportunity to learn about and use corporate debt products to their fullest. | ||
| 650 | |a Financial instruments,Investments | ||
| 904 | |i Giang | ||
| 980 | |a Trung tâm Học liệu Trường Đại học Cần Thơ | ||